000 00743nam a22002055i 4500
001 48216
003 ES-MaACL
005 20230906161720.0
007 t|
008 950710s1807 sp ||||1| spa d
040 _aCAM
_bspa
_cCAM
100 1 _aChavannes, Daniel Alexandre.
_938241
245 1 0 _aExposición del método elemental de Henrique Pestalozzi
_b: con una noticia de las obras de este célebre hombre /
_cpor Dan. Alex. Chavannes; traducida al castellano por D. Eugenio de Luque.
260 _aMadrid :
_bGómez Fuentenebro,
_c1807.
300 _a366 p. ;
_c15 cm.
600 1 4 _aPestalozzi, Johann Heinrich.
_991453
650 4 _aMétodo Pestalozzi.
_9154052
700 1 _aLuque, Eugenio de.
_974812
852 _aES-MaACL
_jD-500
999 _c48216
_d48216